02030nam a22001697a 4500082000800000100003000008245006500038264003800103300002600141500143000167650003601597700004401633856005701677942001301734999001901747952009401766 a610 aKhan, Rida Khalid9131108 a Advanced nanocarriers for skin diseases /cRida Khalid Khan aIslamabad : bSMME- NUST; c2025. a68p.bSoft Copyc30cm aThe development and evaluation of an advanced nanocarrier hydrogel system designed to address the major barriers in diabetic wound healing, specifically targeting chronic inflammation, oxidative stress, bacterial infection, and impaired angiogenesis. This therapeutic system integrates cerium oxide nanoparticles (CeO₂), metal-organic frameworks (MOFs), and a chitosan-gelatin hydrogel platform to create a multifunctional wound dressing. CeO₂ nanoparticles provide strong antioxidant and antibacterial activity, MOFs enable controlled drug release and add antimicrobial properties, while the chitosan-gelatin hydrogel ensures biocompatibility, moisture retention, and accelerated tissue repair. Comprehensive characterization, including Raman spectroscopy, FTIR, UV-Vis, EDX analysis, and optical microscopy, confirmed successful synthesis, structural integrity, and the presence of desired functional groups. Biological assays demonstrated superior antibacterial and antibiofilm performance of the CeZn-Gel composite against E. coli and S. aureus, surpassing individual system components and controls. The integrated approach not only enhances wound healing outcomes but also reduces infection and inflammation, with significant potential for improving patient quality of life in chronic wound care. Future work will focus on optimizing formulation and advancing toward clinical testing for broader therapeutic impact.  aMS Biomedical Sciences (BMS)  aSupervisor : Dr. Nosheen Fatima9119483 uhttp://10.250.8.41:8080/xmlui/handle/123456789/55616 2ddccTHE c615165d615165 00104070aSMMEbSMMEcEBd2025-10-14l0o610pSMME-TH-1189r2025-10-14w2025-10-14yTHE